| 000 | 01535cam a2200373 a 4500 | ||
|---|---|---|---|
| 999 |
_c129059 _d129059 |
||
| 001 | 1069984 | ||
| 003 | ARRUPE | ||
| 005 | 20190219111751.0 | ||
| 008 | 910515s1991 enkab b 001 0 eng | ||
| 010 | _a 91018065 | ||
| 020 | _a0821409719 (cl.) | ||
| 020 | _a0852550677 | ||
| 020 | _a0821409727 (pb.) | ||
| 020 | _a0852550669 (pbk.) | ||
| 040 |
_aDLC _cDLC _dDLC |
||
| 043 | _af-et--- | ||
| 050 | 0 | 0 |
_aDT386 _b.B27 1991 |
| 082 | 0 | 0 |
_a963 _220 |
| 100 | 0 |
_aBahru Zewde. _942031 |
|
| 245 | 1 | 2 |
_aA history of modern Ethiopia, 1855-1974 / _cBahru Zewde. |
| 260 |
_aLondon : _bJ. Currey ; _aAthens : _bOhio University Press ; _aAddis Ababa : _bAddis Ababa University Press, _c1991. |
||
| 300 |
_ax, 244 p. : _bill., maps ; _c23 cm. |
||
| 490 | 1 | _aEastern African studies | |
| 504 | _aIncludes bibliographical references and index. | ||
| 651 | 0 |
_aEthiopia _xHistory _y19th century. _944762 |
|
| 651 | 0 |
_aEthiopia _xHistory _y1889-1974. _942737 |
|
| 710 | 2 |
_aThomas Leiper Kane Collection (Library of Congress. Hebraic Section) _5DLC _924290 |
|
| 830 | 0 |
_aEastern African studies (London, England) _944763 |
|
| 906 |
_a7 _bcbc _corignew _d1 _eocip _f19 _gy-gencatlg |
||
| 942 |
_2lcc _cMONOGRAPH |
||